000 00578nam a2200169 i 4500
001 87477
003 ES-MaACL
005 20230906175658.0
007 t|
008 041222s1942 xxu ||||1| eng d
100 1 _aKretschmer, Herman L.
_968818
245 1 0 _aStone in the ureter
_b: clinical data based on 500 cases /
_cHerman L. Kretschmer.
260 _aChicago :
_bThe Surgical Publishing Company,
_c1942.
300 _a12 p. ;
_c26 cm.
500 _aEs separata de: Surgery, Gynecology and Obstretries, junio, 1942, vol. 74, p. 1065-1067.
852 _aES-MaACL
_j1890-F-12
999 _c87477
_d87477